Laboratory animal records /

Bibliographic Details
Corporate Author: National Research Council (U.S.). Committee on Laboratory Animal Records
Format: Book
Language:English
Published: [Bethsda, Md.] : U.S. Dept. of Health and Human Services, Public Health Service, National Institutes of Health, 1979.
Subjects:

MARC

Tag First Indicator Second Indicator Subfields
LEADER 00000cam a2200000 a 4500
001 in00004465708
005 20230110175520.9
008 790821s1979 mduk b 000 0 eng d
035 |a (OCoLC)05989032 
035 |z (UtOrBLW)8693 
035 |a 14883 
040 |a HNE  |c HNE  |d VVD  |d m.c.  |d TMV  |d UtOrBLW 
049 |a TMVM 
060 4 |a QY 50  |b N2744L 1979 
110 2 |a National Research Council (U.S.).  |b Committee on Laboratory Animal Records. 
245 1 0 |a Laboratory animal records /  |c prepared by Committee on Laboratory Animal Records, Institute of Laboratory Animal Resources, Division of Biological Sciences, Assembly of Life Sciences, National Research Council. 
264 1 |a [Bethsda, Md.] :  |b U.S. Dept. of Health and Human Services, Public Health Service, National Institutes of Health,  |c 1979. 
300 |a vii, 45 pages, 22 unnumbered pages :  |b forms ;  |c 27 cm. 
336 |a text  |2 rdacontent  |b txt 
337 |a unmediated  |2 rdamedia 
338 |a volume  |2 rdacarrier  |b nc 
500 |a Primary support for this publication provided by contract number NO1- RR-5-2128, Animal Resources Program, Division of Research Resources, National Institutes of Health. 
504 |a Bibliography: pages 44-45. 
650 2 |a Records as Topic  |x standards. 
650 2 |a Animals, Laboratory. 
940 |a copy plain, reprinted 1984 
940 |a c.2, reprinted 1984 
999 |a MARS 
999 f f |s f66db7a6-234d-35d9-a73b-46a96c76bd19  |i e7ba9feb-95c1-36d5-b10d-73a266893f95  |t 0 
952 f f |p ric  |a Texas A&M University  |b Rellis Campus  |c Joint Library Facility  |d Remote Storage  |t 0  |e QY 50 N2744L 1979  |h National Library of Medicine classification  |i unmediated -- volume  |m 3238900280541 
998 f f |a QY 50 N2744L 1979  |t 0  |l Remote Storage